| 000 | 01143nam a22003497a 4500 | ||
|---|---|---|---|
| 001 | 200461536 | ||
| 003 | TR-AnTOB | ||
| 005 | 20241119100057.0 | ||
| 008 | 240704b tu ||||| |||| 00| 0 tur d | ||
| 020 | _a9786052520840 | ||
| 040 |
_aTR-AnTOB _beng _erda _cTR-AnTOB |
||
| 041 | _atur | ||
| 092 |
_a516.15 _bKAŞ 2019 |
||
| 240 | _a0 | ||
| 245 |
_aKaşif Can küreleri keşfediyor/ _chazırlayanlar : Gerry Bailey, Felicia Law ; çizimler : Mike Philips ; çeviri : Hasan Akyol ; editör :Eşref Usalp, Nermin Çoban |
||
| 250 | _a1.bs. | ||
| 260 |
_aİstanbul : _bParıltı Yayıncılık, _c2020. |
||
| 300 |
_a31 Pages. : _bill. ; _c22 cm. |
||
| 336 |
_atext _btxt _2rdacontent |
||
| 337 |
_aunmediated _bn _2rdamedia |
||
| 338 |
_avolume _bnc _2rdacarrier |
||
| 490 |
_aKaşif Can serisi kitapları ; _v5 |
||
| 653 | _aMatematiksel şekiller | ||
| 700 | 1 |
_aBailey, Gerry _9139953 |
|
| 700 | 1 |
_aPhilips, Mike _9146125 |
|
| 700 |
_aFelicia, Law _9146124 |
||
| 700 | 1 |
_aAkyol, Hasan _etranslator _9144670 |
|
| 700 | 1 |
_aÇoban , Nermin _9145997 |
|
| 942 |
_2ddc _cBK |
||
| 999 |
_c200461536 _d79748 |
||